00985cam a22002651 4500001001300000003000400013005001700017008004100034010001700075035002000092040004100112042001200153050003100165082001000196100003900206245007900245260007000324300003700394490006500431500009000496504003200586610003400618700005000652999001700702sd 46000048 DLC20260227112735.0940923s1946 nyu b 000 0 eng c asd 46000048  a(OCoLC)31164038 aU.S. Dept. of State. Libr.cIENdDLC apremarc00aD410b.F65 vol. 22, no. 15 a341.11 aLaves, Walter Hermann Carl,d1902-04aThe United Nations Secretariat,cby Walter H.C. Laves and Donald C. Stone. aNew York, N.Y.,bForeign Policy Association, Incorporatedc[1946] a1 p. l., 183-191, [1] p.c27 cm.0 aForeign policy reports,vvol. XXII, no. 15. October 15, 1946 a"Functions of the UN Secretariat, by Walter H.C. Laves and Donald C. Stone": p. [192] aBibliographical foot-notes.20aUnited Nations.bSecretariat.1 aStone, Donald Crawford,d1903-ejoint author. c89972d89972